000 00261nam a22001217a 4500
082 _a954
_bELL V.1
100 _aElliot, H.M.
245 _aHistory of India
260 _aLondon
_bTrubner and Co.
_c1867
300 _a541
650 _aIndia-history
942 _cBK
999 _c21294
_d21294